| 000 | 00996cam a2200229 4500 | ||
|---|---|---|---|
| 001 | WB3728-10 | ||
| 008 | 010718n2001 000 0 eng u | ||
| 035 | _a(Sirsi) u113693 | ||
| 245 | _aCapital gains? | ||
| 260 | _c2001 | ||
| 490 |
_aRICS Press Release _v(pr096) 18 July 2001 |
||
| 490 |
_aLondon Development Agency Press Release _v 17 July 2001, (4) |
||
| 520 | _aRICS has advised that the London Development Agency's economic development strategy is too diffused to be effective and suggests that instead the LDA should concentrate on more specific London-wide issues such as the use of the RICS concept of Transport Development Areas. For further information and a copy of the strategy visit the LDA's website, http://www.lda.gov.uk | ||
| 590 | _aWB | ||
| 650 | _aECONOMIC DEVELOPMENT | ||
| 650 | _aLONDON | ||
| 650 | _aSUSTAINABLE DEVELOPMENT | ||
| 650 | _aURBAN REGENERATION | ||
| 650 | _aTRANSPORT DEVELOPMENT AREAS | ||
| 690 | _aPROPERTY-PROPERTY DEVELOPMENT | ||
| 942 | _n0 | ||
| 999 |
_c67741 _d67741 |
||